A festa litteraria per occasiao de fundar-se na capital do imperio a Associaçao dos Homens de Lettras do Brazil / (Record no. 182228)

MARC details
000 -LEADER
campo de control de longitud fija 00586nam a2200157 i 4500
001 - NÚMERO DE CONTROL
campo de control 182228
003 - IDENTIFICADOR DE NÚMERO DE CONTROL
campo de control ES-MaACL
005 - FECHA Y HORA DE LA ÚLTIMA TRANSACCIÓN
campo de control 20230906221547.0
008 - DATOS DE LONGITUD FIJA--INFORMACIÓN GENERAL
campo de control de longitud fija 130719s1883 bl |||| | por d
245 02 - MENCIÓN DEL TÍTULO
Título A festa litteraria per occasiao de fundar-se na capital do imperio a Associaçao dos Homens de Lettras do Brazil /
Mención de responsabilidad, etc. .
260 ## - PUBLICACIÓN, DISTRIBUCIÓN, ETC.
Lugar de publicación, distribución, etc. Rio de Janeiro :
Nombre del editor, distribuidor, etc. [s.n.],
Fecha de publicación, distribución, etc. 1883 (
Fabricante Typ. Nacional)
300 ## - DESCRIPCIÓN FÍSICA
Extensión XXVI, 163, 12 p. ;
Dimensiones 24 cm.
594 ## - Nota al título y mención de responsabilidad
Nota al título y mención de responsabilidad Precede al tit.: 30 de agosto de 1883.
610 24 - PUNTO DE ACCESO ADICIONAL DE MATERIA--NOMBRE DE ENTIDAD CORPORATIVA
Nombre de entidad corporativa o nombre de jurisdicción como elemento de entrada Associaçao dos Hommes de Lettras do Brazil.
9 (RLIN) 153052
852 ## - LOCALIZACIÓN
Ubicación ES-MaACL
Número de control de estantería T-841-F-1
Holdings
Estatus retirado Estado de pérdida Estado de daño No para préstamo Colección Biblioteca de origen Biblioteca actual Ubicación en estantería Fecha de adquisición Fuente de adquisición Total de préstamos Signatura topográfica completa Código de barras Visto por última vez Precio de reemplazo Tipo de ítem Koha
        Colección de folletos Biblioteca del Ateneo de Madrid Biblioteca del Ateneo de Madrid Depósito folletos 19/07/2013     T-841-F-1 1191500 23/02/2023 23/02/2023 Folleto